| 000 | 00764nam a22002657a 4500 | ||
|---|---|---|---|
| 001 | 5556 | ||
| 003 | FISKH | ||
| 005 | 20250827143137.0 | ||
| 008 | 241217b cb ||||| |||| 00| 0 eng d | ||
| 020 | _a9780545156288 | ||
| 040 |
_aFISKH _beng _cFISKH _dFISKH |
||
| 050 | _aND249.C3 | ||
| 082 | _a759.11 | ||
| 100 | _aDebon, Nicolas | ||
| 245 |
_aFour pictures by Emily Carr / _cby Nicolas Debon |
||
| 260 |
_aNew York : _bScholastic ; _c2013. |
||
| 300 |
_a29 pages : _bcolor illustrations ; _c21 cm . |
||
| 505 | _aR | ||
| 520 | _aEmily Carr's life story is told in this highly original picture book. | ||
| 521 | 8 |
_a770
_bLexile |
|
| 521 | 8 |
_aR
_bRaz-Plus |
|
| 650 |
_aartists _vhistorical fiction |
||
| 942 |
_2ddc _cBK _n0 |
||
| 999 |
_c5556 _d5556 |
||